Cities in small countries and territories - Statistics

General Stats
  • This quiz has been taken 19 times
  • The average score is 31 of 72
Answer Stats
Capital/Territory Answer % Correct
Akrotiri and Dhekelia Akrotiri
100%
St Kitts and Nevis Basseterre
100%
Tristan Da Cunha Edinburgh of the Seven Seas
100%
Gibraltar Gibraltar
100%
Hong Kong Hong Kong
100%
Norfolk Island Kingston
100%
St Vincent and the grenadines Kingstown
100%
Svalbard Longyearbyen
100%
Macau Macau
100%
Marshall Islands Majuro
100%
Monaco Monaco
100%
Palau Ngerulmud
100%
Vanuatu Port Vila
100%
Singapore Singapore
100%
Bermuda St George
100%
Grenada St. George's
100%
Vatican City Vatican City
100%
Seychelles Victoria
100%
Nauru Yaren
100%
Pitcairn Islands Adamstown
67%
Niue Alofi
67%
Christmas Island Flying Fish Cove
67%
Bermuda Hamilton
67%
Western Sahara Laâyoune
67%
Sint Eustatius Oranjestad
67%
British Virgin Islands Road Town
67%
Jersey Saint Helier
67%
Saint Pierre and Miquelon Saint-Pierre
67%
Falkland Islands Stanley
67%
Svalbard Barentsburg
33%
Norfolk Island Burnt Pine
33%
US Virgin Islands Charlotte Amalie
33%
Turks and Caicos Islands Cockburn Town
33%
Cayman Islands George Town
33%
Ascension Island Georgetown
33%
Easter Island Hanga Roa
33%
St. Helena Jamestown
33%
Palau Koror
33%
Bonaire Kralendijk
33%
Saint Pierre and Miquelon Miquelon-Langlade
33%
Tokelau Nukunonu
33%
Svalbard Ny-Ålesund
33%
Guernsey Saint Peter Port
33%
Western Sahara Smara
33%
Turks and Caicos Islands South Caicos Town
33%
Tokelau Atafu
0%
Cocos (Keeling) Island Bantam
0%
Montserrat Brades
0%
Western Sahara Cape Bojador
0%
St Kitts and Nevis Charlestown
0%
US Virgin Islands Christiansted
0%
Western Sahara Dakhla
0%
Montserrat Davy Hill
0%
Cayman Islands East End
0%
Western Sahara El Marsa
0%
Tokelau Fakaofo
0%
US Virgin Islands Frederiksted
0%
Saint Barthélemy Gustavia
0%
Vanuatu Isangel
0%
Palau Kloulklubed
0%
Montserrat Look Out
0%
Vanuatu Luganville
0%
Saint Martin Marigot
0%
Palau Meyuns
0%
Palau Ngetkib
0%
Cayman Islands North Side
0%
Vanuatu Port Olry
0%
Montserrat Salem
0%
Guernsey Sark
0%
Saba The Bottom
0%
Cayman Islands West Bay
0%
Cocos (Keeling) Island West Island
0%
No matching quizzes found
Score Distribution
Percent of People with Each Score
Percentile by Number Answered
Your Score History
You have not taken this quiz